000 00236nam a2200109Ia 4500
008 240625s9999 xx 000 0 und d
041 _aeng
082 _a621.388 TAY
100 _aTAYLOR JIM
245 _aDVD DEMYSTIFIED
260 _c2001
999 _c33334
_d33334